| 000 | 01024cam a2200301 a 4500 | ||
|---|---|---|---|
| 999 |
_c127147 _d127147 |
||
| 001 | 14657164 | ||
| 003 | ARRUPE | ||
| 005 | 20171025121520.0 | ||
| 008 | 061206s2006 ii b 000 0 eng | ||
| 010 | _a 2006454276 | ||
| 020 | _a8172149344 | ||
| 025 | _aI-E-2006-454276; 13 | ||
| 037 |
_bLibrary of Congress -- New Delhi Overseas Office _cRs75.00 ($5.00 U.S.) |
||
| 040 |
_aDLC _cDLC |
||
| 042 | _alcode | ||
| 050 | 0 | 0 | _aPR-519- 1 |
| 100 | 1 |
_awa Thiong'o, Ngugi _937244 |
|
| 245 | 1 | 2 |
_aA grain of wheat / _cNgugi wa Thiong'o |
| 260 |
_aLeeds _bHeinemann _c1966 |
||
| 300 |
_a247p. ; _c21 cm. |
||
| 906 |
_a7 _bcbc _corigode _d3 _encip _f20 _gy-gencatlg |
||
| 942 |
_2lcc _cMONOGRAPH |
||